00661nam a2200109Ia 4500008004100000100014700041245016700188260007600355650002700431999001900458952007400477160725s9999 xx 000 0 und d aAguilar, Jerry A., Dela Rosa, Carlos, Infante, Philippe Lauren M., Melitante, George L., Reyes, Jose V., Ruiz, Lynore S., & Torres, Lucas, Jr. aTraining and development of rank and file employees of the Philippine National Bank (PNB) asset management group: basis for a strategic employee development plan. bKaizen Research Journal College of Information TechnologycJanuary 2014 aINFORMATION TECHNOLOGY c298010d298010 001040aAbAcARd2016-07-25l0r2016-07-25 00:00:00w2016-07-25ySV